| 000 | 00773cam a2200253 4500 | ||
|---|---|---|---|
| 001 | M2090 | ||
| 008 | 090401t1996 xxu||||| |||| 00| 0 eng d | ||
| 035 | _a(Sirsi) u36406 | ||
| 041 | _aeng | ||
| 050 | _a690.231071 | ||
| 100 | _aEgbu, C.O. | ||
| 245 | _aEducation and training background of construction refurbishment managers. | ||
| 260 |
_aAscot, Berkshire _bChartered Institute of Building _c1996 |
||
| 300 | _a7p. ; 30cm. | ||
| 350 | _a0 | ||
| 490 |
_aConstruction Papers _v57 |
||
| 650 | _aMANAGEMENT | ||
| 650 | _aBUILT ENVIRONMENT-BUILDING MAINTENANCE AND REFURBISHMENT | ||
| 690 | _aBUILDING AND CONSTRUCTION-REHABILITATION | ||
| 700 |
_aHarlow, Peter _xEditor |
||
| 710 |
_aChartered Institute of Building _92134 |
||
| 942 | _n0 | ||
| 948 | _c04/03/1997 | ||
| 999 |
_c90271 _d90271 |
||